000 00263nam a2200121 a 4500
008 100920s1963|||| d
100 1 _aErenburg, Iľja
245 1 0 _aFajky
260 _bSVKL
_aBratislava
_c1963
020 _c10
044 _axo
_cSK
041 _aslo
999 _c10501
_d10501